Los bichos en el Cielo / (Registro nro. 12199)

Detalles MARC
000 -LIDER
fixed length control field 00806nam a22002417a 4500
001 - NÚMERO DE CONTROL
Identificador de número de control 0007013
003 - IDENTIFICACDOR DE NÚMERO DE CONTROL
control field DO-SdBNP
005 - DATE AND TIME OF LATEST TRANSACTION
control field 20180117094855.0
007 - CAMPOS FIJOS DE DESCRIPCIÓN FÍSICA
fixed length control field 0007013
008 - ELEMENTOS DE LONGITUD FIJA
fixed length control field 161201b 1974 pe a ||||| |||| 00| 0 spa d
040 ## - FUENTE DE CATALOGACIÓN
Agencia que crea de manera original el registro BPMSU
Idioma de catalogación spa
Agencia que realiza la transcripción BPMSU
082 ## - NÚMERO DE CLASIFICACIÓN DECIMAL DE DEWEY
Classification number xxxx
Item number xxxx
100 1# - ASIENTO PRINCIPAL -- NOMBRE PERSONAL
Nombre personal Costa, Odylo
245 10 - MENCIÓN DE TITULO
Título Los bichos en el Cielo /
Mención de responsabilidad poemas de Odylo Costa, filho ; ill. de Nazareth Costa ; trad. de Abelardo Sánchez León.
260 ## - PUBLICACIÓN, DISTRIBUCIÓN, ETC. (PIE DE IMPRENTA)
Lugar de publicación, distribución, etc Lima, Perú :
Nombre del editor, distribuidor, etc. Centro de Estudios Brasilenos,
Fecha de publicación, distribución, etc 1974.
300 ## - DESCRIPCIÓN FÍSICA
Extensión [27] p. :
Otros detalles físicos il. ;
Dimensiones 20 cm.
500 ## - NOTA GENERAL
Nota general Traducción de: Kumagera no mori.
700 1# - ASIENTO SECUNDARIO -- NOMBRE PERSONAL
Nombre personal Costa, Nazareth,
Mención de responsabilidad il.
700 1# - ASIENTO SECUNDARIO -- NOMBRE PERSONAL
Nombre personal Sánchez León, Abelardo,
Mención de responsabilidad tr.
942 ## - ADDED ENTRY ELEMENTS (KOHA)
Source of classification or shelving scheme Dewey Decimal Classification
Koha item type Libros
945 ## - INFORMACIÓN DE PROCESAMIENTO LOCAL
Información de procesamiento local inventariado extranjero / 2018 dg
956 ## - LOCAL ELECTRONIC LOCATION AND ACCESS (OCLC)
Método de acceso LOPEREZ
Materiales especificados 10
Enlace 20161201
Campo enlazado y núm. de secuencia BPMSU
Nombre de host 00041
Existencias
Withdrawn status Lost status Source of classification or shelving scheme Damaged status Not for loan Collection code Home library Current library Date acquired Source of acquisition Total Checkouts Full call number Barcode Date last seen Price effective from Koha item type
    Dewey Decimal Classification     Colección Infantil General Biblioteca Pública Metropolitana Salomé Ureña Biblioteca Pública Metropolitana Salomé Ureña 12/01/2016 Donación   xxxx xxxx BPMSU16120008 12/01/2016 12/01/2016 Libros